Distributed virtual Worlds

Enregistré dans:
Détails bibliographiques
Auteur principal: Diehl, Stephen
Format: Livre
Publié: New York : Springer, c2001
Sujets:
Tags: Ajouter un tag
Pas de tags, Soyez le premier à ajouter un tag!

MARC

LEADER 00000nam a2200000 4500
020 |a 3540676244  |c TZS 25,000 
040 |a MUL  |b eng  |e AACR 
082 |a 005 DIE 
100 |a Diehl, Stephen 
245 |a Distributed virtual Worlds 
260 |a New York :  |b Springer,  |c c2001 
300 |a xii,166 p. ;  |b ill. ;  |c 20 cm 
504 |a Includes index 
650 |a Virtual Worlds 
942 |c BK 
999 |c 6836  |d 6836